LEADER 01355nam a2200253 4500 001 000000335592 003 CaOOAMICUS 005 20231013102207.0 008 190729s1694 ne 000 u fre r 026 $amet- cede e-es mepo (3) 1684 (R) 040 $aSeMil$bita 100 11$aJurieu, Pierre,$d<1637-1713>.$0(OLS)http://semarc/name/22357 245 00$aSeconde partie. 264 1$aA Deventer :$bChez les heritiers de Jean Colombius,$c1694. 300 $a478, [14] p. ;$c8° 500 $aSegn.: A-V¹² X? 600 14$aArnauld, Antoine <1612-1694>.$0(OLS)http://semarc/subject/48529 752 $aNE$dDeventer 773 0 $aJurieu, Pierre <1637-1713>$tEsprit de Mr. Arnaud, tiré de sa conduite, & des ecrits de luy & de ses disciples, particulierement de l'Apologie pour les catholiques. Ouvrage où l'on trouvera quantité d'observations & de pieces curieuses utiles à la connoissance de l'histoire ecclesiastique du temps. Premiere [-seconde] partie.$dA Deventer : Chez les heritiers de Jean Colombius, 1694.$w()335588 850 $aSeMil 852 $aSeMil$W1$xVenegono$y1$m3X II 150 FA$j214905$B227485$CSeMilBibl$Z2$F227485 $8I 996 $6245$aSeconde partie$9(OLS)http://semarc/title/256016 996 $6264$aA Deventer :$bChez les heritiers de Jean Colombius$9(OLS)http://semarc/publisher/58415 LEADER 01056nam a2200241 i 4500 001 000000332657 003 CaOOAMICUS 005 20190304153147.0 008 190304s1969 it u000 u ita u 013 $a394 040 $aSeMil$bita 100 1 $aTettamanzi, Dionigi,$c.$0(OLS)http://semarc/name/89456 245 13$aIl cristiano e il culto :$bappunti di morale religiosa /$cDionigi Tettamanzi. 260 $a[Venegono Inferiore] :$bSeminario di Venegono,$c1969. 300 $a214 p. ;$c21 cm. 500 $aA piè del front.: Pro manuscripto. 650 4$aMorale del culto.$0(OLS)http://semarc/subject/5720 650 4$aTeologia morale - Manuali.$0(OLS)http://semarc/subject/610 850 $aSeMil 852 $aSeMil$W1$xVenegono$y1$m2E V 17$j211327$B224871$CSeMilBibl$Z2$F224871 $81 996 $6245$aIl cristiano e il culto :$bappunti di morale religiosa$9(OLS)http://semarc/title/46215 996 $6260$a[Venegono Inferiore] :$bSeminario di Venegono$9(OLS)http://semarc/publisher/58102